=LDR 00000nam 2200000 4500 =001 INLIS000000000031893 =005 20130612133932 =008 ***********************************ind** =035 ##$$0010-061300000031893 =041 ##$$a ind =082 ##$$a 372.3 =090 ##$$a 372.3, Dha e =100 ##$$a Dharma, Lala Herawati =245 ##$$a Ensiklopesdi Proyek Festival Sains Dasar 3, Biologi, Lala Herawati Dharma;Editor,Agus Salim,Sudarsini =260 ##$$a 2008 $b Bandung =300 ##$$a 80 hlm, Ilus, 25 cm =650 ##$$a Pendidikan Dasar-Biologi =850 ##$$a NBPNMAT